000 01105nam0a22003011 4500
001 rc\245772
005 20250621013352.0
035 _a(NLR Aleph) 005502397
090 _a5320712
_c5320712
100 _a20030307d1990 |||y0rusy50 ca
101 0 _arus
102 _aRU
105 _aa |||||||||
200 1 _aРусский язык
_dIl Russo
_eНач. курс [для говорящих на ит. яз.]
_fПод ред. Д.Э. Розенталя
205 _a6-е изд., стер.
210 _aМ.
_cРус. яз.
_d1990
215 _a430 с., [8] л. цв. ил.
_cил.
_d22
300 _aНа обл.: Il Russo / R.V. Makoveckaja, L.B. Trušina
510 0 _aIl Russo
512 0 _aIl Russo
604 _1700#1$aMakoveckaja$bR.V.$gRegina Vitoldovna
_1701#1$aTrušina$bL.B.$gLiudmila Boricovna
_150010$aIl russo$2psbo
700 1 _aМаковецкая
_bР.В.
_gРегина Витольдовна
701 1 _aТрушина
_bЛ.Б.
_gЛюдмила Борисовна
801 0 _aRU
_bNLR
_gpsbo
801 1 _aRU
_bELAR
_2rusmarc
852 _aNLR
_j90-5/3234
942 _cBOOK
980 _aNB